000 00623nam a22001937a 4500
005 20131217141313.0
010 _aENG-108853
020 _a9789381176832
_c850.00
035 _aEN-92386
037 _bDBAD/PUB
082 _a330.90511
100 _aSamal, Kishor C.
245 _aGlobal financial crisis and its impact on Indian economy /
_cby Kishor C. Samal
260 _aNew Delhi
_bSSDN Publishers and Distributors
_c2014
270 _a5A, Sahni Mansion, Ansari Road Daryaganj
_bNew Delhi
_e110002
300 _ax,205p.
_c22cm(Hb)
500 _aIncludes index
942 _2ddc
_cEN
_mSAM
_h330.90511
999 _c81203
_d81203